GT nguyên lý KT học vi mô

Guardat en:
Dades bibliogràfiques
Autor principal: Vũ Kim Dũng
Format: Llibre
Idioma:Vietnamese
Publicat: Lao Động 2009
Etiquetes: Afegir etiqueta
Sense etiquetes, Sigues el primer a etiquetar aquest registre!
Thư viện lưu trữ: Mạng thư viện Đại học Đà Nẵng
LEADER 00620nam a2200277 4500
001 000026680
003 742
005 20150325120000.0
008 150325s vm 000 vie
020 |c 15,0000 
040 |a NOTTS 
100 |a Vũ Kim Dũng 
245 |a GT nguyên lý KT học vi mô 
260 |b Lao Động  |c 2009 
300 |a 293tr. ; 
OWN |a LTT 
999 |a From the UDN01 
TYP |a Monograph 
TYP |a Printed language 
980 |a Mạng thư viện Đại học Đà Nẵng